Practical teaching in microbiology (Record no. 395776)

MARC details
000 -LEADER
fixed length control field 00481 a2200181 4500
005 - DATE & TIME
control field 20260313115344.0
008 - FIXED-LENGTH DATA ELEMENTS--GENERAL INFORMATION
fixed length control field 260312b |||||||| |||| 00| 0 eng d
020 ## - ISBN
International Standard Book Number 9789380428574
Price Rs. 2595.00
040 ## - CATALOGING SOURCE
Original cataloging agency VIVEKANANDA LIBRARY
082 ## - DDC NUMBER
Classification number 579
Book Number K811P
100 ## - MAIN ENTRY--PERSONAL NAME
Personal name Kocher, Gurvinder Singh
245 ## - TITLE STATEMENT
Title Practical teaching in microbiology
260 ## - PUBLICATION, DISTRIBUTION, ETC. (IMPRINT)
Name of publisher, distributor, etc Narendra Publishing House
Date of publication, distribution, etc 2013
Place of publication, distribution, etc Delhi
300 ## - PHYSICAL DESCRIPTION
Pages x, 273
650 ## - Subject
Subject Microbiology
650 ## - Subject
Subject Micro Organisms
942 ## - ADDED ENTRY ELEMENTS (KOHA)
Koha item type Books
Holdings
Withdrawn status Lost status Source of classification or shelving scheme Damaged status Not for loan Location (home branch) Sublocation or collection (holding branch) Shelving location Date acquired Koha issues (times borrowed) Koha full call number Accession No. Koha date last seen Koha item type
    Dewey Decimal Classification     VIVEKANANDA LIBRARY VIVEKANANDA LIBRARY Vivekananda Library 17/02/2026   579 K811P 438303 17/02/2026 Books
© Designed and Maintained by Vivekananda Library, MDU Rohtak